|
|
|
|
| LEADER |
00000nab a2200000 a 4500 |
| 001 |
vtls000188388 |
| 003 |
SK-MaSNL |
| 005 |
20260302205609.0 |
| 008 |
111106c1984 xo 0 slo |
| 015 |
|
|
|a SNBRB19rr/mm-uuuuu
|
| 035 |
|
|
|a CL0198501
|
| 040 |
|
|
|a SNKBUCL
|b slo
|c SNKBUCL
|e AACR2
|
| 041 |
0 |
|
|a slo
|
| 044 |
|
|
|a xo
|c SK
|
| 080 |
|
|
|a 635.63/.64+635.67:631.526
|2 1981
|
| 080 |
|
|
|a 635.67
|2 1981
|
| 080 |
|
|
|a 631.526
|2 1981
|
| 100 |
1 |
|
|a Pisklová, Anna
|4 aut
|9 797123
|
| 245 |
1 |
0 |
|a Zmeny v sortimente plodových zelenín
|c Anna Pisklová
|
| 300 |
|
|
|b Tb. 2.
|
| 650 |
0 |
7 |
|a kukurica cukrová
|2 snkbucl
|9 900266
|
| 650 |
0 |
7 |
|a paprika koreňová
|2 snkbucl
|9 931643
|
| 650 |
0 |
7 |
|a uhorky skleníkové
|2 snkbucl
|9 923989
|
| 655 |
|
7 |
|a články z novín a časopisov
|2 snkbucl
|9 267496
|
| 773 |
0 |
|
|t Záhradníctvo
|g Roč. 9, č. 7 (1984), s. 308
|
| 850 |
|
|
|a Slovenská národná knižnica v Martine
|a MTA001
|
| 852 |
|
|
|a SNK
|b KIS3GCP
|
| 958 |
|
|
|a RK
|
| 992 |
|
|
|a RBX
|
| 999 |
|
|
|c 1478490
|d 1480420
|